Love - Keyshia Cole (all lyrics) - Statistics

General Stats
  • This quiz has been taken 62 times
  • The average score is 214 of 258
Answer Stats
Answer % Correct
I
100%
was
100%
what
100%
What
100%
a
98%
knew
98%
love
98%
Love
98%
Love...
98%
me
98%
to
98%
And
96%
never
96%
think
96%
you
96%
you?
96%
missin'
93%
that
93%
used
93%
all
91%
can't
91%
enough
91%
Oh
91%
on
91%
wasn't
91%
your
91%
believe
89%
But
89%
found
89%
kissin'
89%
once
89%
start
89%
we
89%
about?
87%
fine
87%
her
87%
in
87%
my
87%
My
87%
see
87%
this
87%
Who
87%
Why
87%
why
87%
figure
85%
go
85%
Go
85%
go?
85%
hurting
85%
just
85%
make-
85%
time
85%
games
83%
girl
83%
out
83%
tryna
83%
waste
83%
what's
83%
wild
83%
you're
83%
guess
80%
playing
80%
difference
78%
it
78%
met
78%
won't
72%
ain't
70%
do?
70%
now
67%
Now
67%
when
67%
with
67%
without
67%
gonna
65%
am
63%
So
63%
so
63%
heart
59%
away
57%
away?
57%
days
57%
rainy
57%
Rainy
57%
soul
57%
fade
54%
baby
50%
come
50%
empty
50%
gone
50%
around
48%
far
41%
tell
39%
would
35%
Please
33%
Boy
30%
here
30%
know
30%
don't
28%
Say
28%
stay
24%
want
24%
have
22%
need
22%
Ooh
20%
find
17%
leave
17%
I'd
15%
No matching quizzes found
Score Distribution
Percent of People with Each Score
Percentile by Number Answered
Your Score History
You have not taken this quiz